Survey of engineer-applicants seeking work through employment exchanges in Madras State. (Record no. 85930)

MARC details
000 -LEADER
fixed length control field 00865cam a2200241 4500
001 - CONTROL NUMBER
control field sa 68014650
003 - CONTROL NUMBER IDENTIFIER
control field DLC
005 - DATE AND TIME OF LATEST TRANSACTION
control field 20260227112633.0
008 - FIXED-LENGTH DATA ELEMENTS--GENERAL INFORMATION
fixed length control field 700210s1967 ii 00000 eng
010 ## - LIBRARY OF CONGRESS CONTROL NUMBER
LC control number sa 68014650 //r87
025 ## - OVERSEAS ACQUISITION NUMBER
Overseas acquisition number PL480:I-E-9007
043 ## - GEOGRAPHIC AREA CODE
Geographic area code a-ii---
050 0# - LIBRARY OF CONGRESS CALL NUMBER
Classification number TA157
Item number .M28
082 0# - DEWEY DECIMAL CLASSIFICATION NUMBER
Classification number 331.7/62/0095487
Edition number 19
110 10 - MAIN ENTRY--CORPORATE NAME
Corporate name or jurisdiction name as entry element Madras (State).
Subordinate unit State Employment Market Information Unit.
245 10 - TITLE STATEMENT
Title Survey of engineer-applicants seeking work through employment exchanges in Madras State.
Statement of responsibility, etc. Issued by the Director of Employment and Training, State Employment Market Information Unit.
260 1# - PUBLICATION, DISTRIBUTION, ETC.
Place of publication, distribution, etc. [Madras]
Date of publication, distribution, etc. 1967.
300 ## - PHYSICAL DESCRIPTION
Extent 17 p.
Dimensions 30 cm.
350 ## - PRICE (NR) (BK AM CF MU VM SE) [OBSOLETE]
Price unpriced
500 ## - GENERAL NOTE
General note Cover title.
500 ## - GENERAL NOTE
General note At head of title: Govt. of Madras. Dept. of Employment and Training.
650 #0 - SUBJECT ADDED ENTRY--TOPICAL TERM
Topical term or geographic name entry element Engineers
General subdivision Employment
Geographic subdivision India
-- Tamil Nadu.

No items available.

Powered by Koha